000 00242nam a2200085Ia 4500
008 170620s9999 xx 000 0 und d
100 _aLakshmi- Gadde Bhuvaneswara
245 0 _aMethods of Teaching Biology
260 _bNew Delhi- Discovery Publishing House
260 _c2007
999 _c24431
_d24431